Prototypen - Schemata - Konstruktionen : Untersuchungen Zur Deutschen Morphologie und Syntax.

The German Linguistic Studies Series is a comprehensive and outstanding forum in its field. It has borne the name of its subject in its title since the foundation of the series in the eighth decade of the last century. The series is comprehensive in the broad spectrum of topics covered (language lev...

Full description

Bibliographic Details
Main Author: Binanzer, Anja.
Other Authors: Gamper, Jana., Wecker, Verena.
Format: eBook
Language:German
Published: Berlin/Boston : Walter de Gruyter GmbH, 2021.
Edition:1st ed.
Series:Reihe Germanistische Linguistik Series
Subjects:
Online Access:Click to View
LEADER 02563nam a22003973i 4500
001 EBC7015145
003 MiAaPQ
005 20231204023225.0
006 m o d |
007 cr cnu||||||||
008 231204s2021 xx o ||||0 ger d
020 |a 9783110710595  |q (electronic bk.) 
035 |a (MiAaPQ)EBC7015145 
035 |a (Au-PeEL)EBL7015145 
035 |a (OCoLC)1243311388 
040 |a MiAaPQ  |b eng  |e rda  |e pn  |c MiAaPQ  |d MiAaPQ 
100 1 |a Binanzer, Anja. 
245 1 0 |a Prototypen - Schemata - Konstruktionen :  |b Untersuchungen Zur Deutschen Morphologie und Syntax. 
250 |a 1st ed. 
264 1 |a Berlin/Boston :  |b Walter de Gruyter GmbH,  |c 2021. 
264 4 |c ©2021. 
300 |a 1 online resource (482 pages) 
336 |a text  |b txt  |2 rdacontent 
337 |a computer  |b c  |2 rdamedia 
338 |a online resource  |b cr  |2 rdacarrier 
490 1 |a Reihe Germanistische Linguistik Series ;  |v v.325 
520 |a The German Linguistic Studies Series is a comprehensive and outstanding forum in its field. It has borne the name of its subject in its title since the foundation of the series in the eighth decade of the last century. The series is comprehensive in the broad spectrum of topics covered (language levels, varieties, communication forms, epochs) in the range of research perspectives (theoretical and empirical studies, fundamental research and applications, interdisciplinarity with psychology, the social sciences etc.) and methodologies (the sole criterion is quality), in the rhythm of research (trends are perceived and also set, achievements are secured) and in the forms of presentation (monographs, textbooks, collected volumes, dictionaries). Professorial theses, outstanding doctoral theses, pioneering research findings from wider contexts, but also the surprising ‛stroke of genius' set the standards for inclusion in the series. 
588 |a Description based on publisher supplied metadata and other sources. 
590 |a Electronic reproduction. Ann Arbor, Michigan : ProQuest Ebook Central, 2023. Available via World Wide Web. Access may be limited to ProQuest Ebook Central affiliated libraries.  
655 4 |a Electronic books. 
700 1 |a Gamper, Jana. 
700 1 |a Wecker, Verena. 
776 0 8 |i Print version:  |a Binanzer, Anja  |t Prototypen - Schemata - Konstruktionen  |d Berlin/Boston : Walter de Gruyter GmbH,c2021 
797 2 |a ProQuest (Firm) 
830 0 |a Reihe Germanistische Linguistik Series 
856 4 0 |u https://ebookcentral.proquest.com/lib/matrademy/detail.action?docID=7015145  |z Click to View